00340nam a22001097a 4500008004100000022001400041040005500055245003000110260006100140942001200201999001700213230824b |||||||| |||| 00| 0 eng d a0257-8034 aNational Science LibrarycNational Science Library aFertiliser marketing news aNew Delhi: bThe Fertiliser Association of India, c2011 cCR2udc c59681d59681